000 00630nam a2200193Ia 4500
008 191130s1980##################000#0#eng##
020 _a9780762313358
040 _aACL
_cACL
082 _a302.35 STA.27
245 _aResearch in organizational behaviour : an annual series of analytical essays and critical reviews
_ceditors, Barry M. Staw
260 _aAmsterdam
_bElsevier
_c1980
300 _a396 p. : ill. ; 24 cm
500 _aIncludes bibliographical references
650 _aOrganizational behavior
700 _aStaw, Barry M
990 _a23f104beac10000c0c0b5797ce901a7a
991 _a427714
999 _c286539
_d286539